| 000 | 00667nam a2200253Ia 4500 | ||
|---|---|---|---|
| 008 | 160319s9999 xx 000 0 und d | ||
| 020 | _a971-513-185-9 | ||
| 050 | _aFIL QC 21.3 | ||
| 050 | _b.C35 2005 c.1 | ||
| 100 | _aCalano, Roel B. | ||
| 245 | _aPhysics for the health profession : | ||
| 245 | _btext - workbook / | ||
| 245 | _cRoel B. Calano. | ||
| 260 | _aManila : | ||
| 260 | _bEducational Pub. House, | ||
| 260 | _c2005 | ||
| 300 | _a260 pages : | ||
| 300 | _billustrations ; | ||
| 300 | _c27 cm. | ||
| 650 | _aPhysics -- Study and teaching. | ||
| 650 | _aPhysics -- Workbook. | ||
| 650 | _xPhysics -- Textbooks. | ||
| 650 | _xPhysics. | ||
| 999 |
_c291879 _d291879 |
||